Precedents on intellectual property and international licensing ..., (Record no. 456)

MARC details
000 -LEADER
fixed length control field 01011cam a2200313 4500
001 - CONTROL NUMBER
control field 2665373
003 - CONTROL NUMBER IDENTIFIER
control field OSt
005 - DATE AND TIME OF LATEST TRANSACTION
control field 20150619123913.0
008 - FIXED-LENGTH DATA ELEMENTS--GENERAL INFORMATION
fixed length control field 730116s1972 enkk 001 0 eng
010 ## - LIBRARY OF CONGRESS CONTROL NUMBER
LC control number 72197977
015 ## - NATIONAL BIBLIOGRAPHY NUMBER
National bibliography number B72-11333
020 ## - INTERNATIONAL STANDARD BOOK NUMBER
International Standard Book Number 0421140704
040 ## - CATALOGING SOURCE
Original cataloging agency DLC
Transcribing agency DLC
Modifying agency DLC
043 ## - GEOGRAPHIC AREA CODE
Geographic area code e-uk---
050 00 - LIBRARY OF CONGRESS CALL NUMBER
Classification number KD1269
Item number .M45 1972
082 00 - DEWEY DECIMAL CLASSIFICATION NUMBER
Classification number 346.048 MEL
100 1# - MAIN ENTRY--PERSONAL NAME
Personal name Melville, Leslie William.
9 (RLIN) 1342
245 10 - TITLE STATEMENT
Title Precedents on intellectual property and international licensing ...,
Statement of responsibility, etc by L. W. Melville.
250 ## - EDITION STATEMENT
Edition statement 2nd ed.
260 ## - PUBLICATION, DISTRIBUTION, ETC. (IMPRINT)
Place of publication, distribution, etc London,
Name of publisher, distributor, etc Sweet and Maxwell,
Date of publication, distribution, etc 1972.
300 ## - PHYSICAL DESCRIPTION
Extent xxxii, 368 p.
Other physical details forms.
Dimensions 26 cm.
350 ## - PRICE (NR) (BK AM CF MU VM SE) [OBSOLETE]
Price £7.50
500 ## - GENERAL NOTE
General note First ed. published in 1965 under title: Precedents on industrial property and commercial choses in action.
500 ## - GENERAL NOTE
General note Includes legislation.
650 #0 - SUBJECT ADDED ENTRY--TOPICAL TERM
Topical term or geographic name as entry element Intellectual property
Geographic subdivision Great Britain.
9 (RLIN) 1343
650 #0 - SUBJECT ADDED ENTRY--TOPICAL TERM
Topical term or geographic name as entry element Intellectual property.
9 (RLIN) 688
906 ## - LOCAL DATA ELEMENT F, LDF (RLIN)
a 7
b cbc
c orignew
d 3
e ncip
f 19
g y-gencatlg
942 ## - ADDED ENTRY ELEMENTS (KOHA)
Source of classification or shelving scheme Dewey Decimal Classification
Koha item type Books
Holdings
Withdrawn status Lost status Source of classification or shelving scheme Damaged status Not for loan Home library Current library Shelving location Date acquired Total Checkouts Full call number Barcode Date last seen Price effective from Koha item type
    Dewey Decimal Classification     Law Development Centre Main Library Law Development Centre Main Library Text Books and Laws 04/20/2011   346.048 MEL 2011/2373 04/20/2011 04/20/2011 Books